Building an effective youth ministry. (Record no. 12477)

000 -LEADER
fixed length control field 00678nam a2200205 a 4500
001 - CONTROL NUMBER
control field :::00010279$&:&@@
003 - CONTROL NUMBER IDENTIFIER
control field OkBaRHE
005 - DATE AND TIME OF LATEST TRANSACTION
control field 20000607103357.0
008 - FIXED-LENGTH DATA ELEMENTS--GENERAL INFORMATION
fixed length control field s1979 j 000 0 eng u
020 ## - INTERNATIONAL STANDARD BOOK NUMBER
International Standard Book Number 0687039924
040 ## - CATALOGING SOURCE
Transcribing agency
100 1# - MAIN ENTRY--PERSONAL NAME
Personal name Ludwig, Glenn E., 1946-
245 10 - TITLE STATEMENT
Title Building an effective youth ministry.
260 ## - PUBLICATION, DISTRIBUTION, ETC. (IMPRINT)
Place of publication, distribution, etc Nashville, TN., :
Name of publisher, distributor, etc Abingdon Press
Date of publication, distribution, etc c1979
300 ## - PHYSICAL DESCRIPTION
Extent 125 p. ;
Dimensions 21 cm.
490 0# - SERIES STATEMENT
Series statement An Abingdon original paperback Creative leadership series.
650 ## - SUBJECT ADDED ENTRY--TOPICAL TERM
Topical term or geographic name as entry element Church Work with Youth
General subdivision Lutheran Church
942 ## - ADDED ENTRY ELEMENTS (KOHA)
Source of classification or shelving scheme
Koha item type Books
Copies
Date last seen Shelving location Full call number Lost status Withdrawn status Koha item type Source of classification or shelving scheme Not for loan Permanent Location Damaged status Barcode Price effective from Date acquired Copy number
2010-04-14General StacksBV 4447 .L825  Books  RHEMA Bible Training College 102792010-04-142010-04-141